000 00416nam a22001577a 4500
005 20251108164707.0
008 250721s9999 xx 000 0 ara d
082 1 4 _a747/ضاه
100 1 _aضاهر، فارس متري
245 1 0 _aديكور المنزل /
264 1 _aبيروت :
_bدار القلم،
_c[19-].
300 _a246ص : مص
650 1 7 _aالديكور
942 _2ddc
_cBK
999 _c12007
_d12007